000 00687nam a2200253Ia 4500
003 OSt
005 20221007071411.0
006 a|||||r|||| 00| 0
007 ta
008 221006b |||||||| |||| 00| 0 eng d
024 _a7,185
037 _cTextual
040 _aFLL
_cFLL
_beng
041 _2eng
_aeng
082 _aZ3:6, J7;L0;1
100 _aCheshire G.C. Au.
_9688591
245 0 _aPrivate international law
250 _a8th
260 _aLondon
_bButterworths London
_c1970
300 _alxxi,709p
_ccm.
700 _a North P.M. Au.
_9688689
942 _hZ3:6, J7;L0;1
_cTEXL
_2CC
999 _c1143243
_d1143243